The fatawa of Imam Al-Ghazali (450-505 A.H./1058-1111 C.E.) / (Record no. 881)
[ view plain ]
| 000 -LEADER | |
|---|---|
| fixed length control field | nam a22 a 4500 |
| 003 - CONTROL NUMBER IDENTIFIER | |
| control field | AKMAL |
| 005 - DATE AND TIME OF LATEST TRANSACTION | |
| control field | 20170505161847.0 |
| 008 - FIXED-LENGTH DATA ELEMENTS--GENERAL INFORMATION | |
| fixed length control field | 170505s1996 my 00 ara d |
| 040 ## - CATALOGING SOURCE | |
| Original cataloging agency | AKMAL |
| 082 04 - DEWEY DECIMAL CLASSIFICATION NUMBER | |
| Classification number | 297.14 GHA |
| Edition number | 21 |
| 090 00 - LOCALLY ASSIGNED LC-TYPE CALL NUMBER (OCLC); LOCAL CALL NUMBER (RLIN) | |
| Classification number (OCLC) (R) ; Classification number, CALL (RLIN) (NR) | 297.14 |
| Local cutter number (OCLC) ; Book number/undivided call number, CALL (RLIN) | GHA |
| 100 1# - MAIN ENTRY--PERSONAL NAME | |
| Personal name | Al-Ghazali, Ihya' Ulumuddin |
| 9 (RLIN) | 1882 |
| 245 14 - TITLE STATEMENT | |
| Title | The fatawa of Imam Al-Ghazali (450-505 A.H./1058-1111 C.E.) / |
| Statement of responsibility, etc. | Ghazzali ; critically edited with introductions and notes by Mustafa Mahmoud Abu-Sway |
| 260 ## - PUBLICATION, DISTRIBUTION, ETC. | |
| Place of publication, distribution, etc. | Kuala Lumpur : |
| Name of publisher, distributor, etc. | The International Institute of Islamic Thought and Civilization (ISTAC), |
| Date of publication, distribution, etc. | 1996 |
| 300 00 - PHYSICAL DESCRIPTION | |
| Extent | xlvi, 131p. ; |
| Dimensions | 22cm |
| 500 ## - GENERAL NOTE | |
| General note | Texts in Arabic script |
| 650 #0 - SUBJECT ADDED ENTRY--TOPICAL TERM | |
| Topical term or geographic name entry element | Fatwas |
| 9 (RLIN) | 1754 |
| 650 #0 - SUBJECT ADDED ENTRY--TOPICAL TERM | |
| Topical term or geographic name entry element | Islamic law |
| 9 (RLIN) | 1728 |
| 650 #0 - SUBJECT ADDED ENTRY--TOPICAL TERM | |
| Topical term or geographic name entry element | Islam |
| General subdivision | Doctrines |
| 9 (RLIN) | 894 |
| 700 1# - ADDED ENTRY--PERSONAL NAME | |
| Personal name | Abu-Sway, Mustafa Mahmoud |
| 9 (RLIN) | 1883 |
| 942 ## - ADDED ENTRY ELEMENTS (KOHA) | |
| Source of classification or shelving scheme | |
| Koha item type | Book |
| Withdrawn status | Lost status | Source of classification or shelving scheme | Damaged status | Not for loan | Collection code | Home library | Current library | Shelving location | Date acquired | Inventory number | Total Checkouts | Full call number | Barcode | Date last seen | Price effective from | Koha item type |
|---|---|---|---|---|---|---|---|---|---|---|---|---|---|---|---|---|
| NON-FICTION | AKMAL Melaka | AKMAL Melaka | PINJAMAN | 05.05.2017 | 00573 | 297.14 GHA | 201701894 | 05.05.2017 | 05.05.2017 | Book |
